Problemas vitales del magisterio chileno

Saved in:
Bibliographic Details
Main Author: Mussa B., Moisés (autor)
Format: Book
Language:Spanish
Published: Santiago Nascimiento 1943
Subjects:
Tags: Add Tag
No Tags, Be the first to tag this record!

MARC

LEADER 00000nam a2200000 a 4500
001 UCW7437
003 CL-VaPUC
008 921211e19430000CL |||||||||||||||||spa|d
082 0 4 |a 371.1  |b MUS  |2 21 
100 |a Mussa B., Moisés  |e autor  |9 352140 
245 1 0 |a Problemas vitales del magisterio chileno 
300 |a 299 p 
942 |c BK 
945 |d 19921211 00:00:00 
260 |a Santiago  |b Nascimiento  |c 1943 
650 7 |a ESCALAFON DOCENTE  |2 CL-VaPUC  |9 310197 
650 0 |a Profesores   |9 308968 
650 7 |a SUELDOS  |2 CL-VaPUC  |9 312584 
583 |a last modification  |c 19921211 00:00:00  |k Rodrigo Vera 
999 |c 220191  |d 220189 
952 |0 0  |1 0  |4 0  |6 371_100000000000000_MUS_1943  |7 0  |8 P  |9 212100  |a BIBEDU  |b BIBEDU  |c BIBEDU_PB  |d 2019-11-15  |i 2803429  |o 371.1 MUS 1943  |p 2803429  |r 2024-01-25  |w 2019-11-15  |y BK  |k EDU 
952 |0 0  |1 0  |4 0  |6 371_100000000000000_MUS_1943  |7 0  |8 P  |9 212101  |a BIBEDU  |b BIBEDU  |c BIBEDU_PB  |d 2019-11-15  |i 1610813  |o 371.1 MUS 1943  |p 1610813  |r 2024-01-25  |w 2019-11-15  |y BK  |k EDU